Metafísica de la edad media
Uloženo v:
| Hlavní autor: | |
|---|---|
| Další autoři: | |
| Médium: | Kniha |
| Jazyk: | španělština |
| Vydáno: |
Madrid
Gredos
1957
|
| Témata: | |
| Tagy: |
Přidat tag
Žádné tagy, Buďte první, kdo vytvoří štítek k tomuto záznamu!
|
MARC
| LEADER | 00000nam a2200000 a 4500 | ||
|---|---|---|---|
| 001 | UCZ1238 | ||
| 003 | CL-VaPUC | ||
| 005 | 20211126123325.0 | ||
| 008 | 950817e19570000SP |||||||||||||||||spa|d | ||
| 999 | |c 238021 |d 238019 | ||
| 040 | |c Pontificia Universidad Católica de Valparaíso | ||
| 082 | 0 | 4 | |a 110 |b DEM |2 21 |
| 100 | 0 | |a Dempf, Alois |e author |9 344725 | |
| 245 | 1 | 0 | |a Metafísica de la edad media |
| 260 | |a Madrid |b Gredos |c 1957 | ||
| 300 | |a 290 p | ||
| 583 | |a last modification |c 19950817 00:00:00 |k Rodrigo Vera | ||
| 650 | 0 | |a Metafísica |9 265649 | |
| 650 | 0 | |a Filosofía |9 223554 | |
| 650 | 0 | |a Filosofía antigua |9 255705 | |
| 650 | 0 | |a Edad media |9 258041 | |
| 700 | 1 | |a Pérez Riesco, José |e traductor |9 864930 | |
| 942 | |c BK |2 ddc | ||
| 945 | |d 19950817 00:00:00 |a aalvarez | ||
| 952 | |0 0 |1 0 |4 0 |6 110_000000000000000_DEM_1957 |7 0 |8 A |9 247916 |a BIBEDU |b BIBEDU |d 2019-11-18 |i 3122905 |l 1 |o 110 DEM 1957 |p 3122905 |r 2021-10-25 |s 2021-01-12 |w 2019-11-18 |y BK |k FIL | ||
| 952 | |0 0 |1 0 |4 0 |6 110_000000000000000_DEM_1957 |7 0 |8 A |9 247917 |a BIBEDU |b BIBEDU |d 2019-11-18 |i 3129993 |o 110 DEM 1957 |p 3129993 |r 2019-11-18 |w 2019-11-18 |y BK |k FIL | ||